000 00568nam a2200229 a 4500
003 AR-BaBNM
005 20251128203631.0
008 082120s2002 ||||||||||||||000 | spa||
040 _cAR-BaBNM
100 0 _aJesualdo
245 0 0 _aEl garañón blanco
260 _aBuenos Aires
_bLosada
_c1971
300 _a149 p.
490 0 _aNovelistas de nuestra época
650 4 _aLITERATURA CONTEMPORANEA
650 4 _aAUTOBIOGRAFIAS
653 _aLITERATURA URUGUAYA
653 _aNOVELA DE APRENDIZAJE
655 _aLITERATURA
942 _cBK
998 _cMARTIN
999 _c4252
_d4252